[Event "Kieler Open 2016-A"]
[Site "Kiel"]
[Date "2016.07.30"]
[Round "1.1"]
[White "Quiring, Nikolai"]
[Black "Baramidze, David"]
[Result "0-1"]
[WhiteElo "2026"]
[BlackElo "2594"]
[PlyCount "76"]

1. d4 Nf6 2. c4 g6 3. f3 d5 4. cxd5 Nxd5 5. e4 Nb6 6. Nc3 Bg7 7. Be3 O-O 8. Qd2
Nc6 9. O-O-O Qd6 10. Nb5 Qd7 11. Kb1 a6 12. Nc3 Qd6 13. Bh6 Rd8 14. Bxg7 Kxg7
15. Nge2 e5 16. d5 Ne7 17. Qe3 Nc4 18. Qc1 b5 19. Ng3 Nb6 20. Qc2 Bd7 21. Bd3
c5 22. dxc6 Qxc6 23. Nce2 Be6 24. Qxc6 Nxc6 25. Bc2 Nc4 26. Nf1 Rxd1+ 27. Bxd1
Rd8 28. Bb3 N6a5 29. Bc2 Nd2+ 30. Kc1 Nxf1 31. Rxf1 Bxa2 32. Rd1 Rc8 33. Nc3
Nb3+ 34. Bxb3 Bxb3 35. Rd6 b4 36. Rb6 a5 37. Rb5 Be6 38. Rxa5 bxc3 0-1

[Event "Kieler Open 2016-A"]
[Site "Kiel"]
[Date "2016.07.30"]
[Round "1.2"]
[White "Braun, Arik"]
[Black "Berger, Joachim"]
[Result "1-0"]
[WhiteElo "2569"]
[BlackElo "2022"]
[PlyCount "53"]

1. d4 d5 2. c4 e6 3. Nc3 c5 4. cxd5 exd5 5. Nf3 Nc6 6. g3 Nf6 7. Bg2 Be7 8. O-O
O-O 9. Bg5 c4 10. Ne5 Be6 11. f4 h6 12. Bxf6 Bxf6 13. e3 Bxe5 14. fxe5 b5 15.
Nxb5 Rb8 16. Qa4 Qb6 17. Nc3 Nxd4 18. Nxd5 Ne2+ 19. Kh1 Bxd5 20. Bxd5 Qxe3 21.
Qxc4 Rxb2 22. Rxf7 Rxf7 23. Bxf7+ Kh7 24. Qg4 Nf4 25. Qxf4 Qe2 26. Qf5+ Kh8 27.
Qc8+ 1-0

[Event "Kieler Open 2016-A"]
[Site "Kiel"]
[Date "2016.07.30"]
[Round "1.3"]
[White "Hagenlüke, Thomas"]
[Black "Lanka, Zigurds"]
[Result "0-1"]
[WhiteElo "2010"]
[BlackElo "2450"]
[PlyCount "76"]

1. d4 Nf6 2. c4 c5 3. d5 b5 4. cxb5 a6 5. bxa6 g6 6. Nc3 Bxa6 7. Nf3 Bg7 8. g3
d6 9. Bg2 Nbd7 10. O-O Nb6 11. Nd2 O-O 12. Re1 Nfd7 13. Nf1 Nc4 14. Qc2 Qa5 15.
a3 Rfb8 16. Ra2 Qb6 17. Ne3 Nxe3 18. fxe3 Ne5 19. e4 Bc4 20. Ra1 Bb3 21. Qd2 h5
22. Qf4 Ng4 23. e3 Bc4 24. Bf1 Be5 25. Qf3 Bxc3 26. bxc3 Ne5 27. Qg2 Qa6 28.
Ra2 Rb3 29. Rf2 Rab8 30. h3 Bd3 31. Rd1 c4 32. Bxd3 cxd3 33. c4 Nxc4 34. Qf1
Ne5 35. Rdd2 Qb6 36. Rb2 Rxb2 37. Rxb2 Qxb2 38. Bxb2 Rxb2 0-1

[Event "Kieler Open 2016-A"]
[Site "Kiel"]
[Date "2016.07.30"]
[Round "1.4"]
[White "Voloshin, Leonid"]
[Black "Wanner, Lukas"]
[Result "0-1"]
[WhiteElo "2424"]
[BlackElo "2001"]
[PlyCount "108"]

1. d4 Nf6 2. Nc3 c5 3. dxc5 e6 4. e4 Nc6 5. f4 Bxc5 6. e5 Qb6 7. Nh3 Nd5 8.
Nxd5 exd5 9. Bd3 d6 10. e6 Bxe6 11. f5 Bd7 12. Nf4 Nb4 13. a3 Nxd3+ 14. Qxd3
Bc6 15. Bd2 Bf2+ 16. Kd1 O-O-O 17. Kc1 Rhe8 18. b3 Re4 19. g3 Rde8 20. Kb2 d4
21. a4 Qc5 {Restzeit: w 3, s 29 min} 22. Rhf1 Be3 23. Rad1 d5 24. b4 Qc4 25. b5
Bd7 26. Bxe3 dxe3 27. Qxd5 Qb4+ 28. Qb3 Qxb3+ 29. Kxb3 e2 30. Nxe2 Rxe2 31. Rd5
g6 32. g4 gxf5 33. gxf5 R8e5 34. Rxe5 Rxe5 35. f6 Be6+ 36. Kb2 Rf5 37. Rg1 Rxf6
38. Rg7 Rh6 39. Rg2 Rh3 40. c3 Kc7 41. Rd2 f5 42. a5 Bc4 43. Rf2 Bxb5 44. Rxf5
Rxh2+ 45. Kb3 Bd7 46. Rf4 h5 47. c4 h4 48. Rf7 h3 49. Rh7 Rg2 50. Kb4 h2 51.
Kc5 a6 52. Kd5 h1=Q 53. Rxh1 Bc6+ 54. Kc5 Rg5+ 0-1

[Event "Kieler Open 2016-A"]
[Site "Kiel"]
[Date "2016.07.30"]
[Round "1.5"]
[White "Deutschbein, Christopher"]
[Black "Krause, Benedict"]
[Result "1/2-1/2"]
[WhiteElo "2006"]
[BlackElo "2381"]
[PlyCount "35"]

1. e4 c5 2. Nc3 Nc6 3. Bb5 Nd4 4. Bc4 e6 5. f4 Ne7 6. Nf3 d5 7. Be2 Nec6 8. d3
Be7 9. O-O O-O 10. Nb1 b6 11. Nxd4 Nxd4 12. Bg4 dxe4 13. dxe4 Bb7 14. c3 f5 15.
Bh3 Nb5 16. exf5 Qxd1 17. Rxd1 Rad8 18. Re1 1/2-1/2

[Event "Kieler Open 2016-A"]
[Site "Kiel"]
[Date "2016.07.30"]
[Round "1.6"]
[White "Fries-Nielsen, Jens Ove"]
[Black "Mock, Markus"]
[Result "1-0"]
[WhiteElo "2359"]
[BlackElo "2002"]
[PlyCount "75"]

1. d4 e6 2. e4 d5 3. e5 c5 4. c3 Nc6 5. g3 Bd7 6. Ne2 f6 7. exf6 Nxf6 8. Bg2
Bd6 9. O-O O-O 10. Nd2 cxd4 11. cxd4 Rc8 12. Nf3 Qe8 13. Bf4 Bxf4 14. Nxf4 Ne4
15. Re1 Nb4 16. Ne5 Nc2 17. Bh3 Ng5 18. Bg4 Nxe1 19. Qxe1 Rc7 20. Nxd7 Rxd7 21.
Qe5 Rf5 22. Qe3 Rf6 23. f3 Re7 24. Re1 Qb5 25. b3 Nf7 26. Qc3 Nd8 27. Re5 Qc6
28. Qe3 Rc7 29. Nd3 Qc3 30. f4 Qa1+ 31. Kg2 Rc2+ 32. Be2 Qxa2 33. Nf2 Rxe2 34.
Qxe2 Qxb3 35. f5 Qc4 36. Qe3 exf5 37. Re8+ Rf8 38. Qe7 1-0

[Event "Kieler Open 2016-A"]
[Site "Kiel"]
[Date "2016.07.30"]
[Round "1.7"]
[White "Busse, Tom Niklas"]
[Black "Ernst, Thomas"]
[Result "0-1"]
[WhiteElo "1997"]
[BlackElo "2357"]
[PlyCount "60"]

1. c4 c5 2. g3 Nc6 3. Bg2 g6 4. Nc3 Bg7 5. a3 a6 6. Rb1 Rb8 7. b4 cxb4 8. axb4
b5 9. cxb5 axb5 10. Nf3 e5 11. O-O d5 12. e4 d4 13. Nd5 Nge7 14. d3 O-O 15.
Nxe7+ Qxe7 16. Bg5 f6 17. Bd2 Be6 18. Nh4 Ra8 19. f4 Bf7 20. fxe5 Nxe5 21. Bf4
Ra3 22. Nf3 Rxd3 23. Qc2 Bc4 24. Rf2 Rc3 25. Qd2 Ng4 26. Qxd4 Rd3 27. Qb6 Nxf2
28. Ne1 Rd1 29. Rxd1 Nxd1 30. Bd6 Qe6 0-1

[Event "Kieler Open 2016-A"]
[Site "Kiel"]
[Date "2016.07.30"]
[Round "1.8"]
[White "Jahncke, Giso"]
[Black "Van den Boogaart, Jan Marten"]
[Result "1/2-1/2"]
[WhiteElo "2332"]
[BlackElo "1988"]
[PlyCount "51"]

1. c4 Nf6 2. g3 c6 3. Nf3 d5 4. Bg2 Bg4 5. Ne5 Bf5 6. cxd5 cxd5 7. Qb3 Nbd7 8.
d4 e6 9. Qxb7 Nxe5 10. dxe5 Nd7 11. O-O Bc5 12. Nc3 Rb8 13. Qc6 Bc2 14. Na4 Rc8
15. Qa6 Bd4 16. Bg5 Nb8 17. Qb5+ Qd7 18. Qb4 Nc6 19. Qa3 Nxe5 20. Nc3 Nc4 21.
Qa6 O-O 22. Nb5 Bxb2 23. Rac1 Bxc1 24. Rxc1 Bg6 25. e4 Nb6 26. Rd1 1/2-1/2

[Event "Kieler Open 2016-A"]
[Site "Kiel"]
[Date "2016.07.30"]
[Round "1.9"]
[White "Schramm, Daniel"]
[Black "Wichmann, Cliff"]
[Result "0-1"]
[WhiteElo "1988"]
[BlackElo "2314"]
[PlyCount "70"]

1. c4 Nf6 2. g3 c6 3. Bg2 d5 4. b3 Bf5 5. d3 e5 6. Nf3 Bb4+ 7. Bd2 Bd6 8. O-O
O-O 9. Ne1 dxc4 10. bxc4 Nbd7 11. Nc3 Nc5 12. Bc1 Re8 13. Bb2 Qa5 14. e3 Rad8
15. h3 Bf8 16. e4 Nfxe4 17. Nxe4 Bxe4 18. Bxe4 Nxe4 19. Nf3 Bc5 20. Kg2 Nxf2
21. Rxf2 Bxf2 22. Kxf2 Qb6+ 23. Kf1 Qxb2 24. Rb1 Qc3 25. Rb3 Qxc4 26. Qe2 Qd5
27. Rxb7 e4 28. dxe4 Rxe4 29. Qd2 Qc4+ 30. Kg1 Ree8 31. Qf2 Re2 32. Qf1 Qc5+
33. Kh1 Qf2 34. Qxf2 Rxf2 35. Nd4 g6 0-1

[Event "Kieler Open 2016-A"]
[Site "Kiel"]
[Date "2016.07.30"]
[Round "1.10"]
[White "Bharadwaj, Dhanush"]
[Black "Schmidt, Peter"]
[Result "1-0"]
[WhiteElo "2296"]
[BlackElo "1971"]
[PlyCount "63"]

1. c4 Nf6 2. g3 g6 3. Bg2 Bg7 4. Nc3 d6 5. Nf3 Nc6 6. O-O O-O 7. d3 e5 8. Bg5
h6 9. Bxf6 Bxf6 10. Rb1 Bg7 11. b4 f5 12. Nd2 e4 13. Nd5 exd3 14. exd3 Nd4 15.
b5 c6 16. bxc6 bxc6 17. Nb4 Bd7 18. Nb3 Qc7 19. Nxd4 Bxd4 20. Qf3 Rac8 21. Qf4
Bg7 22. Na6 Qa5 23. Qxd6 Be8 24. Nb4 Be5 25. Qe6+ Bf7 26. Nxc6 Bxe6 27. Nxa5
Bc3 28. Nc6 Rc7 29. Rb3 Bf6 30. Rfb1 Bd7 31. Rb7 Rfc8 32. Nxa7 1-0

[Event "Kieler Open 2016-A"]
[Site "Kiel"]
[Date "2016.07.30"]
[Round "1.11"]
[White "Dittrich, Gunnar"]
[Black "Thorgeirsson, Sverrir"]
[Result "0-1"]
[WhiteElo "1950"]
[BlackElo "2282"]
[PlyCount "90"]

1. e4 d5 2. exd5 Nf6 3. Nc3 Nxd5 4. Nxd5 Qxd5 5. d4 Nc6 6. Be3 Bf5 7. c3 e6 8.
Nf3 Be7 9. Be2 O-O 10. O-O Bf6 11. Qb3 Rfd8 12. Qxd5 Rxd5 13. Bc4 Rdd8 14. Bf4
Rac8 15. Rfe1 Ne7 16. Rad1 Nd5 17. Bg5 Bg4 18. Bxf6 gxf6 19. Bxd5 Rxd5 20. h3
Bxf3 21. gxf3 Rcd8 22. Kf1 c5 23. Ke2 cxd4 24. Rxd4 Rxd4 25. cxd4 Rxd4 26. Rc1
Rd7 27. Rc4 f5 28. f4 Kg7 29. Rc3 Kg6 30. Rc4 f6 31. f3 e5 32. Ke3 Re7 33. a3
Kh5 34. Rc1 Kh4 35. Kf2 Rd7 36. b4 Rd2+ 37. Ke3 Ra2 38. Rc7 Rxa3+ 39. Kf2 h5
40. Rxb7 exf4 41. Rg7 Ra2+ 42. Kf1 Kxh3 43. Kg1 a6 44. Rg6 h4 45. Rg7 Rb2 0-1

[Event "Kieler Open 2016-A"]
[Site "Kiel"]
[Date "2016.07.30"]
[Round "1.12"]
[White "Junge, Ralph"]
[Black "Arndt, Magnus"]
[Result "1-0"]
[WhiteElo "2277"]
[BlackElo "1870"]
[PlyCount "51"]

1. d4 Nf6 2. c4 e6 3. Nc3 Bb4 4. f3 d5 5. a3 Bxc3+ 6. bxc3 c5 7. cxd5 Nxd5 8.
dxc5 O-O 9. e4 Nc7 10. Bf4 Nca6 11. Qxd8 Rxd8 12. Be3 e5 13. Bc4 Be6 14. Bxe6
fxe6 15. Nh3 Rd3 16. Rd1 Rxd1+ 17. Kxd1 Nd7 18. c6 bxc6 19. Kc2 Nac5 20. Rb1
Kf8 21. Nf2 Ke7 22. Ng4 Kd6 23. Rd1+ Kc7 24. Nxe5 Rb8 25. Bf4 Rf8 26. Nxd7+ 1-0

[Event "Kieler Open 2016-A"]
[Site "Kiel"]
[Date "2016.07.30"]
[Round "1.13"]
[White "Parvanyan, Alfred"]
[Black "Plüg, Andreas"]
[Result "1/2-1/2"]
[WhiteElo "1943"]
[BlackElo "2271"]
[PlyCount "79"]

1. Nf3 Nf6 2. c4 b6 3. g3 Bb7 4. Bg2 e5 5. O-O e4 6. Nh4 g6 7. Nc3 Bg7 8. d3
O-O 9. dxe4 Re8 10. Qc2 Na6 11. Rd1 Nc5 12. f3 a5 13. Be3 c6 14. Na4 Nxa4 15.
Qxa4 c5 16. Rd3 Bc6 17. Qc2 a4 18. Rad1 h6 19. Bd2 b5 20. Be3 Qa5 21. cxb5 Bxb5
22. Rd6 c4 23. Bb6 Qb4 24. e5 Bc6 25. Bd4 Nh7 26. f4 Bxg2 27. Kxg2 a3 28. bxa3
Qb7+ 29. Kh3 Rec8 30. Rb1 Qc7 31. Bb6 Qb7 32. Bc5 Qc7 33. Bb4 Bf8 34. Rxg6+
fxg6 35. Qxg6+ Kh8 36. Bxf8 Nxf8 37. Qxh6+ Kg8 38. Qg5+ Kf7 39. Qh5+ Ke7 40.
Nf5+ 1/2-1/2

[Event "Kieler Open 2016-A"]
[Site "Kiel"]
[Date "2016.07.30"]
[Round "1.14"]
[White "Krause, Jonah"]
[Black "Rudolph, Jens-Erik"]
[Result "1-0"]
[WhiteElo "2268"]
[BlackElo "1939"]
[PlyCount "81"]

1. d4 d6 2. Nf3 f5 3. g3 Nf6 4. Bg2 e6 5. O-O Be7 6. c4 O-O 7. Nc3 a5 8. b3 Ne4
9. Bb2 Bf6 10. Qc2 Nxc3 11. Bxc3 d5 12. e3 c6 13. Ne5 Qe8 14. b4 axb4 15. Bxb4
Be7 16. a3 Na6 17. Bxe7 Qxe7 18. Qb2 Nc7 19. Rfc1 g5 20. f4 Ne8 21. Qb4 Qg7 22.
Kh1 Nf6 23. a4 Ne4 24. Bxe4 dxe4 25. a5 g4 26. Qd6 h5 27. d5 cxd5 28. cxd5 Ra6
29. Qb8 Bd7 30. Qxb7 Bc8 31. Qxg7+ Kxg7 32. Rc7+ Kf6 33. Rac1 Rxa5 34. d6 Rd5
35. Rxc8 Rxc8 36. Rxc8 Rxd6 37. Kg2 Rd2+ 38. Kf1 Rd1+ 39. Ke2 Rd6 40. Rc7 h4
41. Rf7# 1-0

[Event "Kieler Open 2016-A"]
[Site "Kiel"]
[Date "2016.07.30"]
[Round "1.15"]
[White "Topalov, Mihail"]
[Black "Uksini, Bardhyl"]
[Result "0-1"]
[WhiteElo "1927"]
[BlackElo "2259"]
[PlyCount "54"]

1. e4 c5 2. Nf3 e6 3. d4 cxd4 4. Nxd4 Nc6 5. c4 Nf6 6. Nc3 Bb4 7. Bg5 Qa5 8.
Nxc6 Bxc3+ 9. bxc3 Qxg5 10. Nd4 Nxe4 11. Qc2 Nc5 12. g3 Qg6 13. Qd2 Qe4+ 14.
Qe3 Qxh1 15. Nb5 Qc6 16. Bg2 Qxg2 17. Qxc5 Qc6 18. Nd6+ Kf8 19. Qa3 Kg8 20.
O-O-O b6 21. Nb5 Qc5 22. Qb2 Ba6 23. Rxd7 Bxb5 24. cxb5 Rc8 25. Kd1 h6 26. Rd3
Kh7 27. Qc2 Qf5 0-1

[Event "Kieler Open 2016-A"]
[Site "Kiel"]
[Date "2016.07.30"]
[Round "1.16"]
[White "Parvanyan, Ashot"]
[Black "Keyser, Robin"]
[Result "1-0"]
[WhiteElo "2240"]
[BlackElo "1925"]
[PlyCount "91"]

1. d4 e6 2. c4 Nf6 3. Nf3 b6 4. g3 Bb4+ 5. Bd2 c5 6. Bxb4 cxb4 7. Bg2 Bb7 8.
O-O O-O 9. Qd3 d6 10. Nbd2 Nbd7 11. Ne1 Bxg2 12. Kxg2 Qc7 13. Nc2 a5 14. a3
bxa3 15. Nxa3 e5 16. e3 Qb7+ 17. Kg1 d5 18. dxe5 Nxe5 19. Qf5 Nxc4 20. Naxc4
dxc4 21. Nxc4 Qa6 22. b3 Rfd8 23. e4 Qc8 24. Qxc8 Raxc8 25. Nxb6 Rb8 26. Nc4
Rxb3 27. e5 Rc3 28. Ne3 Nd7 29. Rxa5 Rc5 30. Rxc5 Nxc5 31. Rc1 Nd3 32. Rd1 Rd7
33. f4 Kf8 34. Kf1 Nc5 35. Rc1 Ne6 36. f5 Nd8 37. Rc8 Ke7 38. g4 h5 39. gxh5
Rd2 40. Rc7+ Ke8 41. Nc4 Rxh2 42. Nd6+ Kf8 43. Rd7 Nc6 44. Rxf7+ Kg8 45. e6
Rxh5 46. Rc7 1-0

[Event "Kieler Open 2016-A"]
[Site "Kiel"]
[Date "2016.07.30"]
[Round "1.17"]
[White "Apitzsch, Leon Fabian"]
[Black "Bente, Björn"]
[Result "0-1"]
[WhiteElo "1841"]
[BlackElo "2228"]
[PlyCount "68"]

1. d4 Nf6 2. c4 g6 3. Nc3 Bg7 4. Nf3 O-O 5. Bg5 c5 6. e3 d6 7. Be2 cxd4 8. Nxd4
Qa5 9. Bh4 Ne4 10. Bxe7 Re8 11. Bh4 Nxc3 12. bxc3 Qxc3+ 13. Kf1 Nc6 14. Rc1 Qa5
15. Nxc6 bxc6 16. Bf3 Qc5 17. Bg3 Rd8 18. Kg1 Be6 19. Qa4 d5 20. h3 Rac8 21.
Kh2 dxc4 22. Be2 Bb2 23. Rc2 c3 24. Ba6 Bf5 25. Rhc1 Bxc2 26. Rxc2 Ra8 27. Bb7
Qb5 28. Qxb5 cxb5 29. Bxa8 Rxa8 30. Bd6 a5 31. a3 Rd8 32. Be5 b4 33. axb4 axb4
34. Re2 Rd2 0-1

[Event "Kieler Open 2016-A"]
[Site "Kiel"]
[Date "2016.07.30"]
[Round "1.18"]
[White "Jacobs, Florian"]
[Black "Rosmait, Emily"]
[Result "1-0"]
[WhiteElo "2228"]
[BlackElo "1920"]
[PlyCount "71"]

1. d4 Nf6 2. c4 e6 3. Nf3 b6 4. g3 Bb7 5. Bg2 Bb4+ 6. Bd2 Be7 7. O-O O-O 8. Re1
d6 9. Nc3 Nbd7 10. e4 e5 11. Qc2 c5 12. dxe5 Nxe5 13. b3 Nfg4 14. h3 Nxf3+ 15.
Bxf3 Ne5 16. Bg2 Bf6 17. Rad1 Nc6 18. Be3 Nb4 19. Qd2 Bxc3 20. Qxc3 Nxa2 21.
Qb2 Nb4 22. Bf4 Re8 23. Bxd6 Qc8 24. Be5 f6 25. Bc3 Nc6 26. f4 a5 27. e5 fxe5
28. fxe5 a4 29. bxa4 Rxa4 30. Qxb6 Ra2 31. Rd2 Rxd2 32. Bxd2 Qd7 33. Bd5+ Kh8
34. e6 Qc8 35. Rb1 Ba8 36. Qxc5 1-0

[Event "Kieler Open 2016-A"]
[Site "Kiel"]
[Date "2016.07.30"]
[Round "1.19"]
[White "Tobianski, Fabian"]
[Black "Johansson, Thomas"]
[Result "1/2-1/2"]
[WhiteElo "1920"]
[BlackElo "2222"]
[PlyCount "115"]

1. c4 e5 2. g3 Nf6 3. Bg2 Nc6 4. Nc3 Bc5 5. a3 a6 6. e3 d6 7. Nge2 O-O 8. O-O
Ba7 9. d4 exd4 10. exd4 Bf5 11. h3 h6 12. g4 Bd7 13. g5 Nh5 14. h4 Bg4 15. Qd3
g6 16. Be3 Re8 17. b4 Bf5 18. Qd2 hxg5 19. Bxg5 f6 20. Be3 Qd7 21. Nd5 Be4 22.
Nef4 Bxg2 23. Nxg2 Ne7 24. Ndf4 Nxf4 25. Nxf4 Qg4+ 26. Ng2 Nf5 27. f3 Qh3 28.
c5 Nxh4 29. Nxh4 Qxh4 30. Rf2 Qh5 31. Raf1 Qf5 32. Rh2 Re7 33. Kf2 Rh7 34. Rxh7
Kxh7 35. Rh1+ Kg7 36. Bf4 g5 37. Qe2 Kf7 38. cxd6 Bxd4+ 39. Kg2 Kg6 40. d7 Be5
41. Bxe5 fxe5 42. Qc4 e4 43. Qxe4 Qxe4 44. fxe4 Rd8 45. Rd1 Kf6 46. Kf3 Ke6 47.
Kg4 Rxd7 48. Rxd7 Kxd7 49. Kxg5 Ke6 50. Kf4 b6 51. e5 c5 52. bxc5 bxc5 53. Ke4
a5 54. a4 c4 55. Kd4 c3 56. Kxc3 Kxe5 57. Kc4 Kd6 58. Kb5 1/2-1/2

[Event "Kieler Open 2016-A"]
[Site "Kiel"]
[Date "2016.07.30"]
[Round "1.20"]
[White "Light, Bjarne"]
[Black "Frost, Peter"]
[Result "1-0"]
[WhiteElo "2205"]
[BlackElo "1907"]
[PlyCount "67"]

1. Nf3 Nf6 2. g3 b6 3. Bg2 Bb7 4. O-O e6 5. d3 d6 6. b3 Be7 7. Bb2 O-O 8. c4 c5
9. e3 Qc7 10. Nc3 a6 11. Rc1 Nbd7 12. Qe2 Rfe8 13. h3 Rad8 14. e4 Ne5 15. Ne1
Nc6 16. f4 Nd4 17. Qf2 Bf8 18. Ne2 e5 19. Nc2 Bc6 20. Ne3 Qb7 21. Rce1 b5 22.
Nxd4 cxd4 23. Nd5 Bxd5 24. exd5 bxc4 25. bxc4 Rb8 26. Re2 Nd7 27. Ba3 exf4 28.
Rxe8 Rxe8 29. Qxf4 Nc5 30. Bxc5 dxc5 31. d6 Qa7 32. Bd5 Rd8 33. Bxf7+ Kh8 34.
Be8 1-0

[Event "Kieler Open 2016-A"]
[Site "Kiel"]
[Date "2016.07.30"]
[Round "1.21"]
[White "Richter, Rüdiger"]
[Black "Gottuk, Stefan"]
[Result "1/2-1/2"]
[WhiteElo "1905"]
[BlackElo "2203"]
[PlyCount "82"]

1. e4 e6 2. Nf3 d5 3. Nc3 Nf6 4. e5 Nfd7 5. d4 c5 6. dxc5 Nc6 7. Bf4 Bxc5 8.
Bd3 Qb6 9. O-O Qxb2 10. Nb5 Bb6 11. Bd2 d4 12. Qe2 a6 13. Rfb1 Qxb1+ 14. Rxb1
axb5 15. Bxb5 O-O 16. a4 Bc7 17. Bxc6 bxc6 18. Qe4 Rxa4 19. Qxc6 Ra7 20. h3 h6
21. Bf4 Rd8 22. c3 dxc3 23. Be3 Nxe5 24. Nxe5 Rb7 25. Rxb7 Rd1+ 26. Kh2 Bxe5+
27. g3 Bxb7 28. Qxb7 Bf6 29. Qe4 Rd5 30. Kg2 h5 31. h4 g6 32. Qc4 Kg7 33. Bc5
Rd8 34. Bb4 Kg8 35. Bxc3 Bxc3 36. Qxc3 Rd5 37. f3 Kh7 38. g4 Kg8 39. Kg3 Kh7
40. Qf6 Kg8 41. Kf4 Kf8 1/2-1/2

[Event "Kieler Open 2016-A"]
[Site "Kiel"]
[Date "2016.07.30"]
[Round "1.22"]
[White "Beeck, Mats"]
[Black "Werner, René"]
[Result "1-0"]
[WhiteElo "2196"]
[BlackElo "1885"]
[PlyCount "99"]

1. e4 c5 2. a3 Nc6 3. b4 cxb4 4. axb4 e6 5. b5 Na5 6. Bb2 d6 7. d4 Qc7 8. Nd2
Nf6 9. Ngf3 b6 10. Bd3 Bb7 11. c4 Be7 12. O-O O-O 13. Rc1 Rac8 14. Bb1 Ba8 15.
Qc2 g6 16. Rfe1 Nd7 17. Ba3 Rfe8 18. Ba2 d5 19. Bxe7 Rxe7 20. exd5 Bxd5 21. Qd3
Ba8 22. Qe3 Ree8 23. Ne4 Bxe4 24. Qxe4 Qd6 25. Qe3 Kg7 26. c5 bxc5 27. Qc3 Qc7
28. dxc5+ Kg8 29. c6 Nf8 30. Ne5 Rb8 31. Ng4 e5 32. Nf6+ Kh8 33. Nxe8 Rxe8 34.
Bxf7 Re7 35. Bd5 g5 36. Ra1 Nb7 37. cxb7 Qxc3 38. b8=Q Kg7 39. Rac1 Qd2 40.
Rcd1 Qf4 41. Qd6 Ng6 42. g3 Qg4 43. f3 Qh3 44. Be4 Re6 45. Qd7+ Kh6 46. Bxg6
Kxg6 47. Rd6 Kf6 48. Qxe6+ Qxe6 49. Rxe6+ Kxe6 50. Ra1 1-0

[Event "Kieler Open 2016-A"]
[Site "Kiel"]
[Date "2016.07.30"]
[Round "1.23"]
[White "Priemer, Siegfried"]
[Black "Ressler, Eckart"]
[Result "0-1"]
[WhiteElo "1883"]
[BlackElo "2194"]
[PlyCount "60"]

1. d4 d5 2. c4 dxc4 3. e3 Nf6 4. Bxc4 e6 5. Nc3 a6 6. a4 c5 7. d5 exd5 8. Nxd5
Nc6 9. Nf3 Be6 10. Nxf6+ Qxf6 11. Bxe6 Qxe6 12. Bd2 Be7 13. Bc3 O-O 14. O-O h6
15. Qc2 Rfd8 16. Rfd1 b5 17. b3 Rac8 18. axb5 axb5 19. Qb2 Bf8 20. Qc2 b4 21.
Bb2 Rxd1+ 22. Rxd1 Na5 23. Rd3 c4 24. bxc4 Nxc4 25. Qb3 Nxb2 26. Qxb2 Qa2 27.
Qd2 Qb1+ 28. Ne1 Rc1 29. Kf1 Rxe1+ 30. Qxe1 Qxd3+ 0-1

[Event "Kieler Open 2016-A"]
[Site "Kiel"]
[Date "2016.07.30"]
[Round "1.24"]
[White "Kaulich, Philipp Theodor"]
[Black "Thieme, Daniel Otis"]
[Result "1-0"]
[WhiteElo "2148"]
[BlackElo "1878"]
[PlyCount "122"]

1. e4 c5 2. d4 cxd4 3. c3 d3 4. Bxd3 Nc6 5. c4 g6 6. Nf3 d6 7. h3 Bg7 8. O-O
Nf6 9. Nc3 O-O 10. Be3 Bd7 11. Rc1 Rc8 12. a3 Na5 13. Nd2 Be6 14. Nd5 Nd7 15.
b4 Nc6 16. f4 a5 17. Rb1 axb4 18. axb4 Ra8 19. Nf3 Ra3 20. Kh1 Re8 {(=)} 21. g4
h6 22. Rf2 Qc8 23. Rc2 Nf6 24. b5 Nxg4 25. Bg1 Nge5 26. fxe5 Nxe5 27. Nxe5 Bxe5
28. Nb6 Qc7 29. Qf3 Kh7 30. Rf1 Rg8 31. c5 dxc5 32. Bxc5 Rb3 33. Nd5 Qd7 34.
Rd1 Re8 35. Nb6 Qc7 36. Be3 Qd6 37. Nc4 Bxc4 38. Bxc4 Qxd1+ 39. Qxd1 Rxe3 40.
Qd5 Rxh3+ 41. Kg2 Rh2+ 42. Kg1 Rxc2 43. Qxf7+ Bg7 44. Qxe8 Rxc4 45. Qxe7 b6 46.
e5 Rc5 47. e6 Rxb5 48. Qd7 Rg5+ 49. Kf1 b5 50. e7 Re5 51. e8=Q Rxe8 52. Qxe8 b4
53. Qf7 h5 54. Kg2 Kh6 55. Kf3 Bc3 56. Qf8+ Bg7 57. Qxb4 Bf6 58. Kf4 Bg5+ 59.
Ke4 h4 60. Qf8+ Kh5 61. Qf3+ Kh6 1-0

[Event "Kieler Open 2016-A"]
[Site "Kiel"]
[Date "2016.07.30"]
[Round "1.25"]
[White "Neuendorf, Max"]
[Black "Voelzke, Ferdinand"]
[Result "0-1"]
[WhiteElo "1874"]
[BlackElo "2159"]
[PlyCount "62"]

1. e4 d6 2. d4 Nf6 3. Nc3 e5 4. Nf3 Nbd7 5. Bc4 Be7 6. O-O O-O 7. h3 c6 8. dxe5
Nxe5 9. Nxe5 dxe5 10. Qe2 b5 11. Rd1 Qc7 12. Bb3 Bb7 13. a3 a5 14. Bg5 h6 15.
Bxf6 Bxf6 16. Qg4 Bc8 17. Qh5 Kh7 18. Rd3 Qe7 19. Rad1 Ra7 20. Rd6 Rc7 21. Qf3
Bg5 22. Ne2 Qe8 23. Qc3 a4 24. Ba2 g6 25. Qa5 Rd7 26. Rxd7 Bxd7 27. Qc7 Be6 28.
Bxe6 Qxe6 29. Qd6 Rd8 30. Qxd8 Bxd8 31. Rxd8 Qa2 0-1

[Event "Kieler Open 2016-A"]
[Site "Kiel"]
[Date "2016.07.30"]
[Round "1.26"]
[White "Böhm, Thomas"]
[Black "Rosenburg, Thies"]
[Result "1-0"]
[WhiteElo "2148"]
[BlackElo "1728"]
[PlyCount "107"]

1. e4 c5 2. Be2 e6 3. f4 d5 4. d3 Nc6 5. Nf3 g6 6. O-O Bg7 7. c3 Nge7 8. Qe1
O-O 9. Na3 Rb8 10. Nc2 b5 11. Be3 d4 12. cxd4 cxd4 13. Bd2 Qb6 14. Qh4 b4 15.
a3 a5 16. axb4 axb4 17. Ra4 Qc5 18. Rc1 Qd6 19. Qe1 Bh6 20. Qh4 Bg7 21. Be1 Bd7
22. Nd2 b3 23. Nc4 Qc5 24. N2a3 Ra8 25. Rxa8 Rxa8 26. Bd2 Qa7 27. Nb5 Qb8 28.
Nbd6 Ra2 29. Rf1 f5 30. Bf3 Qf8 31. Bd1 Bf6 32. Qg3 Qb8 33. Re1 Ra1 34. exf5
exf5 35. Bf3 Ra2 36. h4 Nb4 37. Bxb4 Qxb4 38. h5 Ra6 39. Nb7 Re6 40. Rxe6 Bxe6
41. Nbd6 Kg7 42. Ne8+ Kf7 43. Ncd6+ Kf8 44. Nxf6 Qxd6 45. Nxh7+ Kg7 46. Ng5 Bg8
47. Qe1 gxh5 48. g3 Kg6 49. Qe2 h4 50. gxh4 Qxf4 51. Qxe7 Qc1+ 52. Kf2 Qxb2+
53. Be2 Qd2 54. h5+ 1-0

[Event "Kieler Open 2016-A"]
[Site "Kiel"]
[Date "2016.07.30"]
[Round "1.27"]
[White "Keyser, Philipp"]
[Black "Nonnenmacher, Thomas"]
[Result "1/2-1/2"]
[WhiteElo "1865"]
[BlackElo "2146"]
[PlyCount "148"]

1. e4 Nf6 2. e5 Nd5 3. d4 d6 4. Bc4 Nb6 5. Bb3 g6 6. Nf3 Bg7 7. O-O O-O 8. Bf4
Nc6 9. c3 Bg4 10. exd6 cxd6 11. h3 Bf5 12. Re1 Qc7 13. Na3 a6 14. Qc1 Na5 15.
Bc2 Bxc2 16. Nxc2 Nd5 17. Bh6 b5 18. Bxg7 Kxg7 19. Ne3 Nf6 20. Qd2 e6 21. Nh2
Ne4 22. Qc2 f5 23. Nhf1 Rac8 24. Nd2 d5 25. Nxe4 fxe4 26. Qd2 h5 27. Rac1 Nb7
28. Ra1 Rf7 29. Rf1 Nd6 30. a4 Nc4 31. Nxc4 bxc4 32. Qc2 Rb8 33. Rfb1 Qf4 34.
Qe2 Rfb7 35. Ra2 Rf8 36. Rd1 Qg5 37. Raa1 Rbf7 38. Qd2 Qh4 39. Rf1 Qe7 40. Qc2
{(=)} Qg5 41. Qc1 Qh4 42. Qd2 Rf5 43. Rab1 Rb8 44. Qc2 Rb3 45. Ra1 Qe7 46. Ra2
Qf8 47. Qe2 Rb7 48. Raa1 Qb8 49. Ra2 Rbf7 50. Raa1 Kh6 51. Rab1 g5 52. b4 cxb3
53. Qxa6 R5f6 54. a5 e5 55. Qe2 exd4 56. cxd4 Qb4 57. Qe3 b2 58. h4 Rg7 59. Qe2
gxh4 60. Rxb2 Qxa5 61. Rb5 Qd8 62. Qe3+ Kh7 63. Qe2 Rf5 64. Rfb1 Qg5 65. Qf1 e3
66. f3 Qg3 67. R1b2 h3 68. Qb1 Qg6 69. Rb6 Qf7 70. Rb7 h2+ 71. Kxh2 Qf6 72.
Rxg7+ Kxg7 73. Rb7+ Kg8 74. Rb8+ Kg7 1/2-1/2

[Event "Kieler Open 2016-A"]
[Site "Kiel"]
[Date "2016.07.30"]
[Round "1.28"]
[White "Grote, Dirk"]
[Black "Papesch, Dennis"]
[Result "1-0"]
[WhiteElo "2139"]
[BlackElo "1852"]
[PlyCount "75"]

1. d4 Nf6 2. c4 g6 3. Nc3 d5 4. Nf3 Bg7 5. e3 O-O 6. Qb3 dxc4 7. Bxc4 a6 8. O-O
c5 9. dxc5 Qa5 10. Bd2 Qxc5 11. Na4 Qc7 12. Nb6 Ra7 13. Rac1 Nc6 14. Nxc8 Qxc8
15. Ng5 Qe8 16. Rfd1 h6 17. Bxf7+ Rxf7 18. Nxf7 Qxf7 19. Rxc6 bxc6 20. Qb8+ Kh7
21. Qxa7 Ne4 22. Be1 Bxb2 23. Qxa6 Bc3 24. f3 Bxe1 25. Rxe1 Nd6 26. Qxc6 Qxa2
27. Qd7 Qf7 28. Rd1 Kg7 29. Rxd6 exd6 30. Qxd6 g5 31. h3 Qb3 32. Qe5+ Kg6 33.
f4 gxf4 34. exf4 Qd3 35. Kh2 Qc4 36. f5+ Kf7 37. Qd6 Qe4 38. Qg6+ 1-0

[Event "Kieler Open 2016-A"]
[Site "Kiel"]
[Date "2016.07.30"]
[Round "1.29"]
[White "Saß, Patrick"]
[Black "Petri, Alexander"]
[Result "0-1"]
[WhiteElo "1841"]
[BlackElo "2139"]
[PlyCount "90"]

1. f4 d5 2. b3 Nf6 3. Nf3 g6 4. Bb2 Bg7 5. e3 O-O 6. Be2 c5 7. O-O Nc6 8. d3 d4
9. exd4 Nd5 10. Qd2 cxd4 11. c3 Ne3 12. Re1 Qb6 13. cxd4 Nxd4 14. Nxd4 Bxd4 15.
Kh1 Be6 16. Nc3 Nf5 17. Bf3 Be3 18. Rxe3 Qxe3 19. Qxe3 Nxe3 20. Bxb7 Rad8 21.
Re1 Ng4 22. Ne4 Rxd3 23. h3 Ne3 24. Ba6 Rd1 25. Rxd1 Nxd1 26. Ba3 Bd5 27. Ng5
Ne3 28. Nf3 Bxf3 29. gxf3 Nf5 30. Bc5 Rd8 31. a4 Kf8 32. b4 Rd7 33. a5 Rc7 34.
Bf2 Nd6 35. Bd4 Nf5 36. Be5 Rc1+ 37. Kg2 Rb1 38. Bb8 Rb2+ 39. Kf1 Rxb4 40. Bxa7
Ra4 41. Bb6 Nd6 42. Bc7 Nc4 43. Bb5 Ra1+ 44. Ke2 Nxa5 45. Kd2 Nb7 0-1